000 004770000a22001810004500
003 MACL
005 20160129160113.0
008 160129b xxu||||| |||| 00| 0 eng d
040 _aMACL
_cMACL
041 _aEnglish
082 _a820/SAL
100 _aSalim, B
_935600
245 _aA Companion of Teaching of English
260 _bAtlantic Publishers and Distributors
_c2001
_aNew Delhi
350 _a450
650 _aEnglish Literature
_935602
942 _cBK
_k820/SAL
_2ddc
999 _c31482
_d31482